000
00250 a2200097 4500
001
35914
100
_a
Ingalsbe Lon
245
_a
Business Applications Software for the IBM PC
260
_a
London
_b
Merrill Publication Co.
_c
090
_c
23464
_d
23464
942
_a
NUST-CAE
_c
M
_c
14963
999
_c
270987
_d
270987